[Event "HUN KO-ch Men 2019"]
[Site "Budapest"]
[Date "2019.12.13"]
[Round "2.2"]
[White "Banusz, Tamas"]
[Black "Papp, Gabor"]
[Result "1/2-1/2"]
[WhiteElo "2621"]
[BlackElo "2582"]
[Annotator "TA"]
[PlyCount "24"]
[EventDate "2019.12.10"]
[EventType "k.o."]
[EventCountry "HUN"]
[SourceTitle "playchess.com"]
[Source "ChessBase"]
[SourceQuality "1"]

{[%evp 15,24,0,4,8,20,15,16,27,21,22,19]} 1. c4 e5 2. Nc3 Nf6 3. Nf3 Nc6 4. a3 g6 5. g3 Bg7 6. Bg2 O-O 7. O-O d6 8. d3 h6 9. Rb1 {A26: English Opening vs King's Indian with ...Nc6 and d3} (9. Nd2 Ne7 10. b4 c6 11. e4 Be6 12. Bb2 Rc8 13. Ne2 Qd7 14. d4 Rfd8 15. Qc2 Bh3 16. Rad1 Bxg2 17. Kxg2 exd4 18. Bxd4 {1-0 (55) Topalov,V (2761)-Aronian,L (2792) Leuven 2016}) 9... Be6 10. b4 Ne7 11. e4 Nd7 12. a4 $146 ({Predecessor:} 12. Nh4 c6 13. b5 Qc7 14. g4 Nc5 15. Be3 Rad8 16. Qe2 Kh7 {0-1 (61) Kokol,P (2371)-Schreiner,P (2439) Graz 2015}) 12... f5 1/2-1/2

[Event "HUN KO-ch Men 2019"]
[Site "Budapest"]
[Date "2019.12.13"]
[Round "2.2"]
[White "Erdos, Viktor"]
[Black "Hera, Imre Jr."]
[Result "1/2-1/2"]
[WhiteElo "2609"]
[BlackElo "2619"]
[Annotator "TA"]
[PlyCount "39"]
[EventDate "2019.12.10"]
[EventType "k.o."]
[EventCountry "HUN"]
[SourceTitle "playchess.com"]
[Source "ChessBase"]
[SourceQuality "1"]

{[%evp 15,21,0,16,0,0,0,6,0]} 1. c4 e6 2. Nc3 d5 3. d4 Nf6 4. Bg5 Be7 5. e3 O-O 6. Rc1 h6 7. Bh4 b6 8. Nf3 Bb7 {The position is equal.} 9. cxd5 {D58: Queen's Gambit Declined: Tartakower Defence} Nxd5 10. Nxd5 Bxd5 11. Bxe7 {Predecessor:} Qxe7 $146 12. Bc4 Bxf3 13. gxf3 Nd7 14. Qa4 a6 15. Be2 c5 16. f4 Rad8 17. O-O cxd4 18. Qxd4 Nc5 19. Qc4 a5 20. Rfd1 {½-½ (41) Stupak,K (2562)-Azarov,S (2600) Bialystok 2016} 1/2-1/2

[Event "HUN KO-ch Men 2019"]
[Site "Budapest"]
[Date "2019.12.13"]
[Round "2.2"]
[White "Acs, Peter"]
[Black "Horvath, Csaba"]
[Result "1-0"]
[WhiteElo "2580"]
[BlackElo "2513"]
[Annotator "ChessBase"]
[PlyCount "65"]
[EventDate "2019.12.10"]
[EventType "k.o."]
[EventCountry "HUN"]
[SourceTitle "playchess.com"]
[Source "ChessBase"]
[SourceQuality "1"]
[TimeControl "40/5400+30:1800+30"]

1. e4 {[%emt 0:00:57]} d5 {[%emt 0:00:05]} 2. exd5 {[%emt 0:00:17]} Qxd5 {[%emt 0:00:03]} 3. Nc3 {[%emt 0:00:09]} Qd6 {[%emt 0:00:05]} 4. d4 {[%emt 0:00:28]} Nf6 {[%emt 0:00:04]} 5. Nf3 {[%emt 0:01:54]} c6 {[%emt 0:00:08]} 6. g3 {[%emt 0:01:34]} Bf5 {[%emt 0:02:10]} 7. Bg2 {[%emt 0:01:29]} h6 {[%emt 0:01:24]} 8. O-O {[%emt 0:01:13]} e6 {[%emt 0:00:06]} 9. Ne5 {[%emt 0:04:42]} Nbd7 {[%emt 0:03:58]} 10. Nc4 {[%emt 0:08:11]} Qb4 {[%emt 0:00:53]} 11. Qe2 {[%emt 0:03:52]} Nb6 {[%emt 0:03:01]} 12. Ne3 {[%emt 0:01:56]} Bh7 {[%emt 0:05:06]} 13. Rd1 {[%emt 0:00:47]} Be7 {[%emt 0:04:06]} 14. a4 {[%emt 0:00:55]} O-O {[%emt 0:17:09]} 15. a5 {[%emt 0:01:46]} Nbd5 {[%emt 0:03:17]} 16. Ncxd5 {[%emt 0:16:47]} cxd5 {[%emt 0:00:41]} 17. c4 {[%emt 0:10:30]} dxc4 {[%emt 0:12:45]} 18. a6 {[%emt 0:06:17]} Bd3 {[%emt 0:01:39]} 19. Qd2 {[%emt 0:00:28]} Qb6 {[%emt 0:10:40]} 20. axb7 {[%emt 0:00:32]} Rad8 {[%emt 0:00:36]} 21. Qa5 {[%emt 0:03:59]} Qxd4 {[%emt 0:05:26]} 22. Bd2 {[%emt 0:03:12]} Qxb2 {[%emt 0:10:33]} 23. Bc3 {[%emt 0:01:02]} Qb3 {[%emt 0:00:39]} 24. Rd2 {[%emt 0:03:59]} Qb6 {[%emt 0:07:38]} 25. Nxc4 {[%emt 0:06:39]} Bxc4 {[%emt 0:00:36]} 26. Qxb6 {[%emt 0:00:47]} axb6 {[%emt 0:00:02]} 27. Rxd8 {[%emt 0:00:21]} Rxd8 {[%emt 0:00:04]} 28. Bxf6 {[%emt 0:00:27]} gxf6 {[%emt 0:06:22]} 29. Ra8 {[%emt 0:00:12]} Rxa8 {[%emt 0:00:26]} 30. bxa8=Q+ {[%emt 0:00:13]} Kg7 {[%emt 0:00:02]} 31. Qb7 {[%emt 0:02:34]} Bc5 {[%emt 0:00:07]} 32. Bf3 {[%emt 0:00:46]} f5 {[%emt 0:00:49]} 33. Qc8 {[%emt 0:02:32]} 1-0

[Event "HUN KO-ch Men 2019"]
[Site "Budapest"]
[Date "2019.12.13"]
[Round "2.3"]
[White "Hera, Imre Jr."]
[Black "Erdos, Viktor"]
[Result "0-1"]
[WhiteElo "2619"]
[BlackElo "2609"]
[Annotator "TA"]
[PlyCount "146"]
[EventDate "2019.12.10"]
[EventType "k.o."]
[EventCountry "HUN"]
[SourceTitle "playchess.com"]
[Source "ChessBase"]
[SourceQuality "1"]

{[%evp 9,146,12,20,19,19,24,18,15,26,-14,-14,-41,-41,-54,-43,-35,-28,-25,9,14,26,26,61,-71,-76,-65,-56,-100,0,0,0,0,0,-85,-95,-78,-86,-164,-86,-115,-59,-91,-33,-31,-29,-32,-35,-37,-31,-33,-46,-186,-174,-315,-299,-275,-185,-185,-55,-426,-462,-1068,-1103,-1116,-1084,-582,-446,-446,-446,-460,-361,-336,-304,-449,-396,-399,-405,-422,-407,-385,-363,-423,-348,-354,-342,-494,-458,-457,-449,-599,-570,-781,-697,-958,-916,-728,-780,-1202,-1110,-1258,-1212,-5097,-4011,-5089,-4582,-2556,-2476,-29964,-643,-29965,-6625,-29976,-29977,-29977,-29976,-29976,-29975,-29975,-29976,-29976,-29975,-29975,-29976,-29976,-711,-29976,-29977,-29977,-606,-29976,-29977,-29975,-29976,-29979,-29980,-29980,-29981,-29987,-29988]} 1. e4 c5 2. Nc3 a6 3. g3 b5 4. Bg2 Bb7 5. d3 d6 (5... e6 6. Nh3 d6 7. O-O b4 8. Ne2 Nf6 9. f4 Nbd7 10. Nf2 h5 11. h3 Qc7 12. a3 a5 13. c3 bxc3 14. bxc3 {0-1 (61) Predke,A (2632)-Fedorchuk,S (2633) Riga 2019}) 6. f4 {B23: Closed Sicilian: Lines without g3} e6 7. Nf3 Nf6 8. O-O {The position is equal.} Be7 9. h3 Nc6 10. f5 exf5 $146 ({Predecessor:} 10... e5 11. g4 h6 12. Nd5 Nxd5 13. exd5 Nb8 14. c4 {1-0 (46) Kalinitschew,S (2496)-Koscielski,J (2302) Dortmund 2003}) 11. exf5 d5 12. g4 d4 13. Ne2 Nd5 14. Nf4 Nxf4 15. Bxf4 Nb4 16. Qd2 (16. f6 $1 $14 {stays ahead.} gxf6 17. a3) 16... O-O $17 17. Rae1 Nd5 18. g5 Bd6 (18... c4 $1 $17 19. Nxd4 Nxf4 {[%mdl 64] Discovered Attack} 20. Rxf4 Bxg2 21. Qxg2 Bxg5) 19. Bxd6 $11 Qxd6 20. Nh2 $1 Qg3 {White must now prevent ...Ne3.} 21. Kh1 (21. Ng4 $1 $11 {keeps the balance.}) 21... Rab8 $17 22. Rg1 Rfe8 23. Rxe8+ Rxe8 24. Ng4 Ba8 $36 {[%mdl 2048] Black has the initiative.} (24... Bc6 $17 25. a3 Ne7 26. Bxc6 Qxh3+ 27. Qh2 Qxh2+ 28. Kxh2 Nxc6) 25. f6 Ne3 (25... Nb4 $17 {Threatens to win with ...Qxh3+.} 26. Bxa8 Qxh3+ 27. Qh2 Qxh2+ 28. Kxh2 Rxa8) 26. Bxa8 $15 Qxh3+ 27. Qh2 Qxh2+ 28. Kxh2 {Be4 is the strong threat.} Rxa8 29. Nxe3 dxe3 {[%mdl 4096] Endgame KR-KR} 30. Kg3 (30. Kg2 $1 $15) 30... Re8 $1 $19 31. Kf3 (31. fxg7 {might work better.} Kxg7 32. Re1) 31... e2 32. Re1 gxf6 33. gxf6 h5 (33... h6 $19 34. Rxe2 Rxe2 35. Kxe2 Kh7) 34. c3 $2 {[%mdl 8192] [#]} (34. Kf4 $1 $15) 34... Kh7 $1 {[%cal Rh7g6]} 35. d4 (35. a3 $142 Kg6 36. b4) 35... cxd4 36. cxd4 Kg6 37. d5 Kxf6 38. d6 Re5 39. Kf4 Rd5 40. Rxe2 Rxd6 41. Rh2 (41. Re8 $142) 41... Rd4+ 42. Ke3 Rd5 43. Ke4 Re5+ 44. Kf4 Rg5 45. Rc2 {Hoping for Rc6+.} Rg4+ 46. Kf3 Rc4 47. Rh2 (47. Rd2 $142) 47... h4 48. Rd2 Ke5 49. Kg2 f5 50. b3 Rd4 51. Re2+ Kf4 52. Kh3 Kf3 53. Re6 a5 54. Re5 f4 55. Rxb5 Rd1 {[%cal Rd1h1]} 56. Kh2 Rd2+ 57. Kh3 Rxa2 58. Kxh4 Rh2+ 59. Kg5 Kg3 60. Rxa5 f3 61. Kf6 f2 62. Rg5+ Kf4 63. Rf5+ Ke4 64. Re5+ Kd4 65. Rf5 Ke3 66. Re5+ Kd3 (66... Kf3 $142 67. Rf5+ Ke2 68. Re5+ Kf3 69. Rd5 Rh3 70. Rd1 {[#]} Ke2 $1 {[%mdl 512]} 71. Rb1 f1=Q+ 72. Rxf1 Kxf1 73. b4 Rb3 74. Ke7 Rxb4 75. Kd6 Ke2 76. Ke5 Kd3 77. Kd6 Re4 78. Kd5 Re8 79. Kc5 Rd8 80. Kb5 Rd5+ 81. Kb6 Kc4 82. Kc6 Rd1 83. Kb6 Rd6+ 84. Kc7 Kc5 85. Kb7 Rd7+ 86. Kc8 Kc6 87. Kb8 Kb6 88. Kc8 Rd5 89. Kb8 Rd8#) 67. Rf5 Ke2 68. Re5+ Kd2 (68... Kf1 $142 69. Ke6 Rh4 70. Kd6 Rb4 71. Rc5 Kg2 72. Rc1 f1=Q 73. Rxf1 Kxf1 74. Kd5 Ke2 75. Kc5 Rxb3 76. Kc4 Rd3 77. Kc5 Kd2 78. Kc4 Kc2 79. Kb5 Kc3 80. Kc5 Kb3 81. Kb6 Kc4 82. Kc6 Kb4 83. Kb7 Kc5 84. Kc7 Kb5 85. Kb7 Rc3 86. Ka7 Kc6 87. Ka8 Kc7 88. Ka7 Ra3#) 69. Rf5 Ke1 {Black mates.} 70. Re5+ Kf1 71. b4 Rh4 72. b5 Kg2 73. Rg5+ Kf3 {Accuracy: White = 38%, Black = 70%.} 0-1

[Event "HUN KO-ch Men 2019"]
[Site "Budapest"]
[Date "2019.12.13"]
[Round "2.3"]
[White "Papp, Gabor"]
[Black "Banusz, Tamas"]
[Result "1/2-1/2"]
[WhiteElo "2582"]
[BlackElo "2621"]
[Annotator "TA"]
[PlyCount "62"]
[EventDate "2019.12.10"]
[EventType "k.o."]
[EventCountry "HUN"]
[SourceTitle "playchess.com"]
[Source "ChessBase"]
[SourceQuality "1"]

{[%evp 16,62,12,8,13,12,15,19,26,25,23,-18,-12,-13,-6,-21,-13,-8,13,4,9,0,0,0,0,0,0,0,0,0,0,0,0,0,0,-8,0,0,0,0,0,-5,-2,-58,-2,-2,0,0,0]} 1. e4 e5 2. Nf3 Nc6 3. Bb5 a6 4. Ba4 Nf6 5. O-O Be7 6. d3 b5 7. Bb3 d6 8. a3 O-O 9. Nc3 Na5 {C77: Ruy Lopez: 3...a6 4 Ba4 Nf6, unusual lines} 10. Ba2 Be6 11. b4 Nc6 12. Nd5 Nd4 13. c3 $146 ({Predecessor:} 13. Nxf6+ Bxf6 14. Nxd4 exd4 15. Bxe6 fxe6 16. Bd2 e5 17. f4 exf4 18. Bxf4 {1-0 (31) Anand,V (2759)-Karjakin,S (2782) Paris 2018}) 13... Nxf3+ 14. Qxf3 Nxd5 15. Bxd5 Bxd5 16. exd5 Qd7 17. a4 a5 18. axb5 Qxb5 19. bxa5 Rxa5 20. c4 Qa6 21. Rxa5 Qxa5 22. Be3 Qc3 23. Qf5 Rd8 24. Rc1 Qb3 25. d4 Bf6 26. dxe5 Bxe5 27. g3 g6 28. Qg5 Re8 29. Qh4 (29. Qg4 $1 $11) 29... Qd3 (29... Bg7 $15 30. Re1 Bc3) 30. Qg4 $1 $11 f5 31. Qd1 Qxd1+ {Accuracy: White = 74%, Black = 50%.} 1/2-1/2

[Event "HUN KO-ch Men 2019"]
[Site "Budapest"]
[Date "2019.12.13"]
[Round "2.4"]
[White "Banusz, Tamas"]
[Black "Papp, Gabor"]
[Result "1-0"]
[WhiteElo "2621"]
[BlackElo "2582"]
[Annotator "TA"]
[PlyCount "71"]
[EventDate "2019.12.10"]
[EventType "k.o."]
[EventCountry "HUN"]
[SourceTitle "playchess.com"]
[Source "ChessBase"]
[SourceQuality "1"]

{[%evp 14,71,17,6,15,0,0,0,0,-7,-8,-7,-14,-27,34,34,30,32,70,64,64,66,83,83,75,85,81,85,94,94,84,107,208,100,250,260,214,245,248,236,227,175,208,199,187,163,343,324,416,407,478,438,622,622,649,605,612,601,1583,1458]} 1. Nf3 Nf6 2. g3 d5 3. Bg2 c5 4. O-O e6 5. d4 cxd4 6. Nxd4 e5 7. Nb3 Be6 8. Nc3 Be7 {D02: 1 d4 d5 2 Nf3 sidelines, including 2...Nf6 3 g3 and 2...Nf6 3 Bf4} 9. f4 exf4 10. gxf4 g6 {The position is equal.} 11. Kh1 Nc6 $146 ({Predecessor:} 11... O-O 12. Be3 {½-½ (70) Romanishin,O (2605)-Ulybin,M (2510) Moscow 1994}) 12. Be3 O-O 13. Nd4 Ng4 (13... Qd7 $11) 14. Nxe6 $14 fxe6 15. Bg1 $1 Nh6 16. e4 dxe4 17. Nxe4 Qxd1 18. Raxd1 Rad8 19. c3 Nf5 20. Nc5 Rxd1 21. Rxd1 Bxc5 22. Bxc5 Rf7 {[#]} (22... Rc8 $16) 23. b4 (23. Bxc6 $1 $18 {is the precise move to win.} bxc6 24. Rd8+ Kg7 25. Ra8) 23... Nh4 (23... b6 $16 {was worth a try.}) 24. b5 Na5 25. Bh3 ({Less strong is} 25. Bxa7 Rxf4 26. Bh3 Nf5 $16) 25... Nf5 26. Bxa7 {Strongly threatening Bf1.} Nc4 27. Rd8+ Kg7 28. Bxf5 Rxf5 $18 {[%mdl 4096] Endgame KRB-KRN} 29. Rd7+ Kh6 $2 {[#]} (29... Rf7 {keeps fighting.} 30. Bd4+ Kf8 31. Bc5+ Ke8) 30. a4 ({Worse is} 30. Rxb7 Nd6 $14) 30... b6 31. Rb7 e5 32. Bxb6 {White is clearly winning.} exf4 (32... Rxf4 $142 33. Bc5 Rf3) 33. Bd4 f3 {Black wants to play ...f2.} 34. Kg1 Kg5 35. Rc7 Nb2 36. Rc5 {Accuracy: White = 78%, Black = 31%.} 1-0

[Event "HUN KO-ch Men 2019"]
[Site "Budapest"]
[Date "2019.12.13"]
[Round "2.4"]
[White "Erdos, Viktor"]
[Black "Hera, Imre Jr."]
[Result "1/2-1/2"]
[WhiteElo "2609"]
[BlackElo "2619"]
[Annotator "TA"]
[PlyCount "81"]
[EventDate "2019.12.10"]
[EventType "k.o."]
[EventCountry "HUN"]
[SourceTitle "playchess.com"]
[Source "ChessBase"]
[SourceQuality "1"]

{[%evp 19,81,8,12,0,0,0,30,32,39,16,29,2,9,8,7,0,96,100,222,182,182,79,137,139,200,199,262,277,268,264,492,248,255,262,251,247,251,245,288,270,256,214,225,229,223,220,225,212,272,272,343,343,343,343,378,367,475,467,530,529,518,510,581,460]} 1. Nf3 d5 2. d4 Nf6 3. c4 e6 4. e3 Be7 5. b3 O-O 6. Bb2 b6 7. Bd3 Bb7 8. cxd5 exd5 9. Nc3 Nbd7 10. O-O a6 11. Rc1 {E14: Queen's Indian: Classical Variation (4 e3)} (11. Ne2 Bd6 12. Ng3 g6 13. Ne5 Qe7 14. f4 Ne4 15. Bxe4 dxe4 16. Nxd7 Qxd7 17. d5 Be7 18. f5 f6 19. fxg6 hxg6 20. Nxe4 Qxd5 21. Qxd5+ Bxd5 22. Nxf6+ Bxf6 23. Bxf6 {½-½ (43) Shankland,S (2713)-Vidit,S (2703) Biel 2019}) 11... Bd6 12. Ne2 Ne4 13. Ne5 {White has an edge.} f6 $146 ({Predecessor:} 13... Re8 14. f3 Bxe5 15. dxe5 Nec5 16. Bb1 Nxe5 17. b4 Ncd7 18. Qc2 Nf8 19. Qxc7 Nc4 20. Qxb7 Nxb2 21. Nf4 d4 {½-½ (34) Lahiri,A (2355)-Pogorelov,R (2448) Dhaka 2005}) 14. Nc6 Qe8 15. Nf4 Nb8 16. Nxb8 Rxb8 17. Qe2 g5 {[#]} (17... Qf7 $11) 18. Nh3 $1 $16 {Hoping for f3.} g4 (18... Qe7 $16 {was necessary.}) 19. Qxg4+ $18 Kh8 20. Bxe4 (20. Qf5 $18 {and White stays clearly on top.}) 20... dxe4 (20... Qxe4 $142 21. Qxe4 dxe4) 21. Nf4 $16 Qf7 (21... Qc8 $16 22. Qh4 (22. Ne6 Qd7 $16) 22... Qf5) 22. d5 $18 Be5 (22... Bxd5 {was worth a try.} 23. Nxd5 Qxd5) 23. Bxe5 fxe5 24. Ne6 {[%mdl 64] Double Attack} Rg8 $2 (24... Bxd5 25. Nxf8 Rxf8) 25. Rxc7 (25. Qxe4 $142 Qxe6 26. Rxc7 Rxg2+ 27. Qxg2) 25... Rxg4 26. Rxf7 Bxd5 27. Re7 Rc8 28. Nc7 Bg8 29. Rd1 a5 30. Rd6 Rg7 31. Rxg7 Kxg7 {[%mdl 4096] Endgame KRB-KRN} 32. Rd7+ Kf6 33. h3 a4 34. bxa4 Bxa2 35. Rxh7 Bf7 36. Nb5 {aiming for Rxf7+!} Rc1+ 37. Kh2 Ra1 38. Nd6 {White is clearly winning.} Bg6 39. Rb7 Rxa4 40. Rxb6 Ke7 {[#]} 41. Nc4 $1 {[%mdl 33280] Accuracy: White = 53%, Black = 38%. . An unexpected result.} 1/2-1/2

[Event "HUN KO-ch Men 2019"]
[Site "Budapest"]
[Date "2019.12.16"]
[Round "3.1"]
[White "Banusz, Tamas"]
[Black "Acs, Peter"]
[Result "1-0"]
[WhiteElo "2621"]
[BlackElo "2580"]
[Annotator "ChessBase"]
[PlyCount "125"]
[EventDate "2019.12.10"]
[EventType "k.o."]
[EventRounds "4"]
[EventCountry "HUN"]
[SourceTitle "playchess.com"]
[Source "ChessBase"]
[SourceQuality "1"]
[TimeControl "40/5400+30:1800+30"]

1. Nf3 d5 2. g3 c6 3. c4 dxc4 4. Bg2 Nd7 5. O-O Nb6 6. Na3 Be6 7. Qc2 Nf6 8. Ne5 Qd4 9. Nxc6 bxc6 10. Bxc6+ Nfd7 11. Bxa8 Nxa8 12. d3 Bh3 13. dxc4 Bxf1 14. Be3 Qe5 15. Rxf1 e6 16. c5 Be7 17. Rd1 Bxc5 18. Bxc5 Qxc5 19. Qxc5 Nxc5 20. Rc1 Kd7 21. Rxc5 Nc7 22. Nc4 f6 23. Kf1 Rb8 24. Ke1 Nb5 25. b3 a6 26. Kd2 g5 27. e3 Rg8 28. b4 Rb8 29. a3 h5 30. Kd3 Nc7 31. Nd2 f5 32. Nf3 g4 33. Ne5+ Kd6 34. Nc4+ Kd7 35. e4 fxe4+ 36. Kxe4 Rf8 37. Ne5+ Kd8 38. Nd3 h4 39. gxh4 Rf3 40. Rg5 Rh3 41. Rxg4 Nd5 42. Kd4 Nf6 43. Rg3 Rxh4+ 44. Ke5 Ne8 45. Kxe6 Rxh2 46. Kd5 Rh5+ 47. Ne5 Rf5 48. Rf3 Rh5 49. Rf7 Nc7+ 50. Kc6 Rh6+ 51. Kb7 Nb5 52. Nc6+ Ke8 53. Re7+ Kf8 54. Re3 Rf6 55. a4 Nd6+ 56. Kxa6 Rxf2 57. b5 Rc2 58. Rd3 Ne4 59. Rd4 Nc5+ 60. Kb6 Ke8 61. a5 Nd7+ 62. Kc7 Nc5 63. Rd5 1-0

[Event "HUN KO-ch Men 2019"]
[Site "Budapest"]
[Date "2019.12.16"]
[Round "3.1"]
[White "Erdos, Viktor"]
[Black "Almasi, Zoltan"]
[Result "1/2-1/2"]
[WhiteElo "2609"]
[BlackElo "2691"]
[Annotator "TA"]
[PlyCount "30"]
[EventDate "2019.12.10"]
[EventType "k.o."]
[EventRounds "4"]
[EventCountry "HUN"]
[SourceTitle "playchess.com"]
[Source "ChessBase"]
[SourceQuality "1"]

{[%evp 16,23,7,11,23,13,15,16,24,15]} 1. d4 Nf6 2. Nf3 b6 3. g3 Bb7 4. c4 g6 5. Bg2 Bg7 6. O-O O-O 7. Nc3 Ne4 8. Nxe4 Bxe4 9. Be3 c5 {A50: Queen's Fianchetto Defence (1 d4 Nf6 2 c4 b6)} 10. Qd2 d6 11. Bh6 Nd7 12. Bxg7 {Predecessor:} Kxg7 $146 13. Rfd1 Nf6 14. Rac1 Qc7 15. Ne1 Bxg2 {½-½ (15) Ruck,R (2533)-Romanov,E (2626) Tegernsee 2017} 1/2-1/2

[Event "HUN KO-ch Men 2019"]
[Site "Budapest"]
[Date "2019.12.17"]
[Round "3.2"]
[White "Almasi, Zoltan"]
[Black "Erdos, Viktor"]
[Result "1/2-1/2"]
[WhiteElo "2691"]
[BlackElo "2609"]
[Annotator "TA"]
[PlyCount "97"]
[EventDate "2019.12.10"]
[EventType "k.o."]
[EventCountry "HUN"]
[SourceTitle "playchess.com"]
[Source "ChessBase"]
[SourceQuality "1"]

{[%evp 14,97,12,14,14,14,10,10,4,0,4,0,0,0,1,-7,3,-11,-9,-27,-27,-11,-13,-20,0,0,0,0,0,-10,0,-24,-17,-16,0,0,0,0,14,5,21,-6,0,0,11,0,26,0,13,8,43,28,31,20,93,93,125,120,107,130,115,49,47,61,44,28,35,35,29,33,41,27,25,0,0,0,0,0,0,0,0,0,0,0,0,0]} 1. Nf3 Nf6 2. c4 e6 3. g3 d5 4. Bg2 dxc4 5. Qa4+ c6 6. Qxc4 b5 7. Qc2 Bb7 8. O-O Nbd7 {A13: English Opening: 1...e6} 9. d3 Rc8 10. Nc3 Be7 11. a4 b4 12. Nb1 c5 13. Nbd2 O-O {[#]} 14. Rd1 $146 ({Predecessor:} 14. Nc4 Nb6 15. Nfe5 Bxg2 16. Kxg2 {½-½ (51) Chuchelov,V (2575)-Postny,E (2661) Belgium 2008}) 14... h6 15. h3 Nb8 16. Nc4 Nc6 17. a5 Ba6 18. Nce5 Bb5 19. Nxc6 Rxc6 20. Ne5 Rc8 21. a6 Nd5 22. e4 Nc7 23. Ra5 Qd6 24. Bf4 Qb6 25. Rda1 Rfd8 26. Nc4 Qc6 27. Ne5 Qb6 28. Nc4 Qc6 29. Qe2 Qd7 30. Bf1 Bf8 31. Qg4 $36 {[%mdl 2048] White is pushing.} Bxc4 32. dxc4 Qd4 33. Qe2 e5 (33... Ne8 $11 {remains equal.}) 34. Be3 $16 Qd6 35. Bxc5 Qxc5 36. Rxc5 Bxc5 37. Rd1 (37. Ra5 $16 Ne6 38. h4) 37... Bd4 $14 38. c5 Ne6 39. Kg2 Rxc5 40. Rd2 b3 41. Qd1 Rb8 $1 42. Be2 Rc2 43. Rxc2 bxc2 {The position is equal.} 44. Qxc2 {[#] b3 is the strong threat.} Rxb2 45. Qc8+ Kh7 46. Kf1 Rb1+ 47. Kg2 Rb2 48. Kf1 Rb1+ 49. Kg2 {Accuracy: White = 46%, Black = 63%.} 1/2-1/2

[Event "HUN KO-ch Men 2019"]
[Site "Budapest"]
[Date "2019.12.17"]
[Round "3.3"]
[White "Almasi, Zoltan"]
[Black "Erdos, Viktor"]
[Result "1-0"]
[WhiteElo "2691"]
[BlackElo "2609"]
[Annotator "TA"]
[PlyCount "121"]
[EventDate "2019.12.10"]
[EventType "k.o."]
[EventCountry "HUN"]
[SourceTitle "playchess.com"]
[Source "ChessBase"]
[SourceQuality "1"]

{[%evp 14,121,18,3,10,0,2,-15,-11,-3,-20,-27,-6,-17,-7,-8,0,0,0,-34,-16,-10,-23,-23,0,0,0,0,0,0,14,9,17,8,31,32,32,33,27,30,28,33,28,25,29,21,33,28,31,21,79,80,127,110,134,134,134,135,147,136,127,127,170,161,175,165,206,210,211,203,196,193,271,274,307,306,298,290,289,235,274,257,318,314,313,157,319,313,308,260,318,311,307,280,464,443,453,405,1258,1236,792,792,1260,1249,1210,1208,1156,1177,29980,29981]} 1. e4 e5 2. Nf3 Nc6 3. Bb5 a6 4. Ba4 Nf6 5. O-O Bc5 6. Bxc6 dxc6 7. d3 Nd7 8. Nbd2 O-O {C77: Ruy Lopez: 3...a6 4 Ba4 Nf6, unusual lines} 9. Nc4 Re8 10. Bg5 (10. Bd2 Bf8 11. b4 c5 12. Qb1 b5 13. Ne3 Nb6 14. bxc5 Bxc5 15. Bb4 Bxe3 16. fxe3 {½-½ (27) Pichot,A (2562)-Mareco,S (2656) Buenos Aires 2018}) 10... f6 {The position is equal.} 11. Be3 Bf8 12. Nh4 Nc5 13. Nf5 Bxf5 $146 ({Predecessor:} 13... Ne6 14. Qd2 Nd4 15. Bxd4 exd4 16. Qf4 {0-1 (40) Vujacic,B (2244)-Todorovic,G (2441) Belgrade 2017}) 14. exf5 Qd7 15. Qh5 e4 16. Rad1 {[%cal Ba1d1,Bd1d3,Bd3d7][%mdl 32]} (16. d4 {seems wilder.} Na4 17. Rab1 Qd5 18. Nd2 c5 19. c4) 16... exd3 17. Bxc5 Bxc5 18. Rxd3 Qf7 19. Qxf7+ Kxf7 20. Rd7+ Re7 21. Rfd1 b6 22. Kf1 a5 23. R1d3 g6 24. Rxe7+ Bxe7 $14 {[%mdl 4096] Endgame KRB-KRN} 25. Rd7 Rc8 26. Ne3 Ke8 27. Rd4 Kf7 28. Ke2 Bd6 29. Rh4 Kg7 30. Re4 Kf7 31. g3 Bc5 (31... b5 $11 {remains equal.}) 32. Re6 $1 $16 Bd6 {And now ...gxf5 would win.} 33. Ng4 Be7 34. Rxc6 gxf5 35. Ne3 f4 36. Nd5 fxg3 37. hxg3 Bd6 {[#]} 38. Nxb6 $1 {[%mdl 576] Pin} Re8+ {[#]} (38... cxb6 39. Rxc8) 39. Kf3 $1 cxb6 40. Rxd6 $18 {KR-KR} Rc8 41. c3 b5 42. Ke4 b4 (42... Re8+ $142 43. Kd3 Rb8) 43. cxb4 axb4 44. Rb6 Ra8 45. Rxb4 Rxa2 46. Kd5 h5 47. Kc4 Ke6 48. Kb3 Ra8 49. Rf4 (49. Re4+ $18 Kd6 50. Rh4) 49... Ke5 $2 (49... f5 $16 {keeps fighting.} 50. Rh4 Rh8) 50. Kc2 Rc8+ 51. Kb1 Rd8 52. b4 Rd2 {intending ...h4.} 53. b5 Kd5 $2 (53... Rd6 54. Rb4 Rb6) 54. Rxf6 Kc5 55. Rf5+ Kb6 (55... Kd6 $142 56. Kc1 Ra2) 56. Kc1 Ra2 57. Kd1 Ra1+ 58. Ke2 Rh1 59. Kf3 Rh2 60. Rf4 Kxb5 61. Rh4 {Accuracy: White = 72%, Black = 42%.} 1-0